| 000 | 00739cab a2200229 4500 | ||
|---|---|---|---|
| 001 | X1008 | ||
| 008 | 090401t1993 xxu||||| |||| 00| 0 eng d | ||
| 035 | _a(Sirsi) u14111 | ||
| 041 | _aeng | ||
| 245 | _aArchital Luxfor Ltd v Horton Construction Ltd | ||
| 260 | _c1993 | ||
| 350 | _a0 | ||
| 490 |
_aArbitration and Dispute Resolution Law Journal _v1993 ADELJ 164-166(3) |
||
| 520 | _aHC 24 January 1990. | ||
| 650 | _aMANAGEMENT-DISPUTE AVOIDANCE, MANAGEMENT AND RESOLUTION-DISPUTE MANAGEMENT AND RESOLUTION-ALTERNATIVE DISPUTE RESOLUTION-ADJUDICATION-ADJUDICATION AWARDS | ||
| 650 | _aARBITRATION AWARDS | ||
| 650 | _aDOM/1 | ||
| 650 | _aINTERIM PAYMENT | ||
| 690 | _aARBITRATION-CASE LAW | ||
| 942 | _n0 | ||
| 948 | _c04/03/1997 | ||
| 999 |
_c9155 _d9155 |
||